| 000 | nam a22 a 4500 | ||
|---|---|---|---|
| 999 |
_c390823 _d390823 |
||
| 003 | BLK | ||
| 005 | 20201029104149.0 | ||
| 008 | 200727b bu ||||| |||| 00| 0 bu d | ||
| 040 | _aBLK | ||
| 041 |
_aLAT _cDRU |
||
| 080 |
_aЛатинска (римска) литература _b821.124 _x-5 _z821.124-5 |
||
| 100 |
_9435746 _aDinarchus _eпърви автор |
||
| 139 | _aDinarchus | ||
| 245 |
_aDinarchi Orationes adiectis Demadis qui fertur fragmentis Hyper tēs dōdekaetias _cDinarchus |
||
| 257 | _aDEU | ||
| 260 |
_9420711 _aLipsiae _bAedibus B.G.Teubneri _c1888 |
||
| 300 |
_aXXIV, 95 с. _c17 см |
||
| 380 | _aX | ||
| 490 |
_9422828 _aBibliotheca scriptorum Graecorum et Romanorum Teubneriana |
||
| 490 |
_9435080 _aКолекция Редки и ценни издания |
||
| 653 | 7 |
_9195537 _aречи |
|
| 852 |
_aРл 888 _bРц |
||
| 942 |
_cKNG _n0 _s1 |
||
| 944 |
_aCR _c2020-10-29 _kТД _l2020-07-27 |
||
| 999 | _d390823 | ||
| 999 | _d377134 | ||
| 999 | _d377134 | ||